Elsa (Record no. 303)

000 -LEADER
fixed length control field 00418nam a22001697a 4500
008 - FIXED-LENGTH DATA ELEMENTS--GENERAL INFORMATION
fixed length control field 170411b xxu||||| |||| 00| p tur d
020 ## - INTERNATIONAL STANDARD BOOK NUMBER
International Standard Book Number 975418609X
041 ## - LANGUAGE CODE
Language code of text/sound track or separate title Türkçe
050 ## - LIBRARY OF CONGRESS CALL NUMBER
Classification number PL248.M37
100 ## - MAIN ENTRY--PERSONAL NAME
9 (RLIN) 159
Personal name Roni Margulies
245 ## - TITLE STATEMENT
Title Elsa
Statement of responsibility, etc. Roni Margulies
250 ## - EDITION STATEMENT
Edition statement 1. Baskı
260 ## - PUBLICATION, DISTRIBUTION, ETC.
Place of publication, distribution, etc. İstanbul
Name of publisher, distributor, etc. Adam Yayınları
Date of publication, distribution, etc. Ocak 2000
300 ## - PHYSICAL DESCRIPTION
Extent 45 sayfa
650 #0 - SUBJECT ADDED ENTRY--TOPICAL TERM
9 (RLIN) 145
Topical term or geographic name entry element Türk Edebiyatı
942 ## - ADDED ENTRY ELEMENTS (KOHA)
Source of classification or shelving scheme
Koha item type Books
Holdings
Withdrawn status Lost status Source of classification or shelving scheme Damaged status Not for loan Permanent Location Current Location Shelving location Date acquired Full call number Barcode Date last seen Price effective from Koha item type
        Ödünç verilemez İmren Ahmet Tüzün Kütüphanesi İmren Ahmet Tüzün Kütüphanesi Ahmet Tüzün 2017-06-16 PL248.M37 100100000297 2017-06-16 2017-06-16 Books

This software was implemented, installed and managed by Devinim Software Training Consulting .